RC Deportivo de La Coruña Squad 2014-2015 - Statistics

General Stats
  • This quiz has been taken 12 times
  • The average score is 18 of 31
Answer Stats
# Position Nation Player % Correct
22 MF Costa Rica Celso Borges
100%
1 GK Argentina Germán Lux
100%
7 MF Spain Lucas Pérez
100%
23 DF Spain Alberto Lopo
86%
13 GK Spain Fabri
86%
19 FW Angola Ivan Cavaleiro
86%
16 DF Portugal Luisinho
86%
2 DF Spain Manuel Pablo
86%
17 FW Portugal Diogo Salomão
71%
9 FW Portugal Hélder Postiga
71%
11 DF Spain Juanfran
71%
15 DF Spain Laure
71%
21 FW Spain Oriol Riera
71%
12 DF Brazil Sidnei
71%
- Coach Spain Víctor Fernández
71%
4 MF Spain Álex Bergantiños
57%
8 MF Bosnia and Herzegovina Haris Medunjanin
57%
- Coach Spain Víctor Sánchez
57%
20 MF Poland Cezary Wilk
43%
22 DF Spain Diego Seoane
43%
32 FW Angola Hélder Costa
43%
14 FW Spain Isaac Cuenca
43%
25 MF Spain Juan Carlos Real
43%
10 MF Spain Juan Domínguez
43%
24 MF Argentina Luis Fariña
43%
5 DF Spain Pablo Insua
43%
25 DF Spain Borja López
29%
6 MF Spain José Rodríguez
29%
18 FW Spain Toché
29%
21 DF France Modibo Diakité
0%
3 DF Spain Roberto Canella
0%
No matching quizzes found
Score Distribution
Percent of People with Each Score
Percentile by Number Answered
Your Score History
You have not taken this quiz